Iniciación al razonamiento lógico matemático. Módulo de autocapacitación para las comunidades de aprendizaje. Contenidos y orientaciones metodológicas
Guardat en:
| Autor corporatiu: | , |
|---|---|
| Format: | Llibre |
| Idioma: | espanyol |
| Publicat: |
Santiago
JUNJI
2009
|
| Edició: | 2a. ed |
| Col·lecció: | Módulo 9
|
| Matèries: | |
| Etiquetes: |
Afegir etiqueta
Sense etiquetes, Sigues el primer a etiquetar aquest registre!
|
MARC
| LEADER | 00000cam a2200000 a 4500 | ||
|---|---|---|---|
| 001 | UCF2930 | ||
| 003 | CL-VaPUC | ||
| 008 | 120914e20090000CL |||||||||||||||||spa|d | ||
| 082 | 0 | 4 | |a 372.21 |b JUN |2 21 |
| 110 | 2 | |a Junta Nacional de Jardines Infantiles |e author |9 564780 | |
| 710 | 2 | |a JUNJI |e author |9 564781 | |
| 245 | 1 | 0 | |a Iniciación al razonamiento lógico matemático. Módulo de autocapacitación para las comunidades de aprendizaje. Contenidos y orientaciones metodológicas |
| 250 | |a 2a. ed | ||
| 300 | |a 28 p | ||
| 942 | |c BK | ||
| 945 | |d 20120914 00:00:00 |a cmena | ||
| 260 | |a Santiago |b JUNJI |c 2009 | ||
| 650 | 0 | |a Educación preescolar |9 260381 | |
| 650 | 7 | |a RAZONAMIENTO MATEMATICO |2 CL-VaPUC |9 422150 | |
| 650 | 0 | |a Matemáticas |x Enseñanza |9 875527 | |
| 650 | 0 | |a Métodos de enseñanza |9 270413 | |
| 583 | |a last modification |c 20120914 00:13:00 |k Rodrigo Vera | ||
| 490 | 0 | |a Módulo 9 | |
| 999 | |c 349468 |d 349466 | ||
| 952 | |0 0 |1 0 |4 0 |6 372_210000000000000_JUN_2009 |7 0 |8 A |9 452092 |a BIBEDU |b BIBEDU |c ES_NOD |d 2019-11-22 |i 4903897 |o 372.21 JUN 2009 |p 4903897 |r 2023-08-09 |w 2019-11-22 |y BK |k PAR | ||